| 000 | 00639nam a2200229 a 4500 | ||
|---|---|---|---|
| 001 | 84082 | ||
| 003 | BD-RjUL | ||
| 005 | 20241006122003.0 | ||
| 008 | 241006s1969 enk||||| |||| 00| 0 eng d | ||
| 035 | _a(BD-RjUL)84082 | ||
| 040 |
_aBD-RjUL _beng _cBD-RjUL |
||
| 041 | _aeng | ||
| 082 |
_223 _a621.811 _bMAD 1969 |
||
| 100 |
_aMarples, Vernon _913722 |
||
| 245 |
_aDynamics of machines / _cV. Marples |
||
| 260 |
_aLondon : _bMcGraw-Hill, _c1969 |
||
| 300 |
_axi, 276 pages : _billustrations; _c23 cm. |
||
| 500 | _aIncludes index. | ||
| 650 |
_aMachinery, Dynamics of _913723 |
||
| 650 |
_aMechanics, Applied _913724 |
||
| 942 |
_2ddc _cBK |
||
| 999 |
_c84082 _d84082 |
||